[Event "Perm op 06"]
[Site "Perm"]
[Date "2010.06.30"]
[Round "9"]
[White "Potemkin, Kirill"]
[Black "Ignashevich, Anna"]
[Result "1-0"]
[WhiteElo "2182"]
[BlackElo "1773"]
[PlyCount "75"]
[EventDate "2010.06.21"]
[EventType "swiss"]
[EventRounds "9"]
[EventCountry "RUS"]
[SourceTitle "CBM 137 Extra"]
[Source "ChessBase"]
[SourceDate "2010.09.01"]
[SourceVersion "1"]
[SourceVersionDate "2010.09.01"]
[SourceQuality "1"]

1. e4 e6 2. Nf3 d5 3. Nc3 Nf6 4. e5 Nfd7 5. d4 Be7 6. Bd3 c5 7. dxc5 Nxc5 8. 0-0 Nxd3 9. cxd3 0-0 10. d4 Nc6 11. Be3 Bd7 12. Qd2 Rc8 13. Rfc1 Kh8 14. Ne1 f6 15. f4 fxe5 16. fxe5 Qe8 17. Nd3 a6 18. Ne2 Qd8 19. Nc5 Bxc5 20. Rxc5 Rf7 21. Rac1 Qh4 22. a3 Rcf8 23. Ng3 h6 24. Rf1 Qg4 25. Rxf7 Rxf7 26. Rc1 Qg6 27. Rf1 Rxf1+ 28. Kxf1 Qb1+ 29. Kf2 Kh7 30. Ne2 Be8 31. Nf4 Qh1 32. h3 Bf7 33. Qd3+ Kg8 34. Qf1 Qh2 35. Nd3 Bg6 36. Nc5 Nd8 37. Qc1 Bf5 38. Bf4 1-0